[Event "Crawley e2e4 Gatwick op U1950"]
[Site "Crawley"]
[Date "2016.02.21"]
[Round "5"]
[White "Childs, Peter L"]
[Black "Somton, Anita"]
[Result "0-1"]
[WhiteElo "1870"]
[BlackElo "1502"]
[PlyCount "128"]
[EventDate "2016.02.19"]
[EventType "swiss"]
[EventRounds "5"]
[EventCountry "ENG"]
[SourceTitle "EXT 2019"]
[Source "ChessBase"]
[SourceDate "2018.10.10"]
[SourceVersion "1"]
[SourceVersionDate "2018.10.10"]
[SourceQuality "1"]

1. e4 d5 2. exd5 Qxd5 3. Nc3 Qd6 4. d4 Nf6 5. Nf3 c6 6. Be2 Bf5 7. 0-0 e6 8. Ne5 Nbd7 9. f4 h5 10. a3 Be7 11. h3 h4 12. Be3 0-0 13. Bf2 Ne4 14. Nxe4 Bxe4 15. Bd3 Bxd3 16. Qxd3 Rad8 17. Rad1 Qc7 18. Qe2 Nxe5 19. fxe5 c5 20. c3 cxd4 21. Rxd4 Rxd4 22. Bxd4 Bc5 23. Qg4 Qxe5 24. Qxh4 Bxd4+ 25. Qxd4 Qxd4+ 26. cxd4 Rd8 27. Rf4 Rd5 28. Kf2 Kf8 29. Ke3 Rb5 30. Rf2 Ke7 31. Kd3 f6 32. Rc2 Kd7 33. Kc4 Rb6 34. Kd3 Rb5 35. Kc4 Rd5 36. Kc3 Kd6 37. Kc4 e5 38. dxe5+ fxe5 39. Re2 Rd4+ 40. Kc3 Kd5 41. Rd2 Rxd2 42. Kxd2 Kc4 43. h4 Kd4 44. h5 Ke4 45. Ke2 Kf4 46. Kf2 Kg4 47. Ke3 Kxh5 48. Ke4 Kg4 49. Kxe5 Kg3 50. Kd6 Kxg2 51. Kc7 g5 52. Kxb7 g4 53. Kxa7 g3 54. b4 Kf3 55. a4 g2 56. b5 g1Q+ 57. Ka6 Qg4 58. a5 Qc8+ 59. Kb6 Ke4 60. a6 Qa8 61. a7 Kd5 62. Ka6 Kc5 63. b6 Kc6 64. Ka5 Qb7 0-1

[Event "Brighton op"]
[Site "Brighton"]
[Date "2010.11.13"]
[Round "3"]
[White "Childs, Peter L"]
[Black "Musthapha, Othman"]
[Result "0-1"]
[WhiteElo "1930"]
[BlackElo "1699"]
[PlyCount "136"]
[EventDate "2010.11.12"]
[EventType "swiss"]
[EventRounds "5"]
[EventCountry "ENG"]
[SourceTitle "EXT 2011"]
[Source "ChessBase"]
[SourceDate "2010.11.26"]
[SourceVersion "1"]
[SourceVersionDate "2010.11.26"]
[SourceQuality "1"]

1. e4 c5 2. Nc3 d6 3. f4 Nc6 4. Nf3 e6 5. Bc4 Be7 6. 0-0 Nf6 7. d3 0-0 8. Bd2 a6 9. a4 b6 10. Qe2 Re8 11. Rad1 Bb7 12. Bc1 Qc7 13. h3 Rac8 14. g4 Nd4 15. Nxd4 cxd4 16. Nb1 d5 17. exd5 Nxd5 18. Qf2 Red8 19. c3 Bc5 20. cxd4 Nxf4 21. Bxf4 Qc6 22. Qh2 Bxd4+ 23. Rf2 Qf3 24. Rdf1 Rxc4 25. Nd2 Bxf2+ 26. Rxf2 Rc1+ 27. Nf1 Rxf1+ 28. Rxf1 Qxd3 29. Bc7 Qe3+ 30. Qf2 Rd2 31. Qxe3 Rg2+ 32. Kh1 Rg3+ 33. Kh2 Rg2+ 34. Kh1 Rg3+ 35. Kh2 Rxe3 36. Bxb6 Re2+ 37. Rf2 Rxf2+ 38. Bxf2 h5 39. Kg3 Kh7 40. gxh5 Kh6 41. Kh4 f6 42. b4 Bc6 43. a5 Bf3 44. Be3+ Kh7 45. Bd2 Kg8 46. h6 g5+ 47. Kg3 Be2 48. Be3 e5 49. Kf2 Bb5 50. Kg3 Kh7 51. Bd2 Kxh6 52. h4 Kg6 53. hxg5 f5 54. Bc3 f4+ 55. Kg4 Be2+ 56. Kh3 e4 57. Kg2 e3 58. Be1 Kxg5 59. Kh3 Bf1+ 60. Kh2 Kg4 61. Kg1 Bb5 62. Kg2 Bc6+ 63. Kf1 Kf3 64. Bh4 Ke4 65. Bg5 f3 66. Bh4 Kd3 67. Ke1 Kc3 68. Bg3 Kxb4 0-1

[Event "Brighton op"]
[Site "Brighton"]
[Date "2010.11.12"]
[Round "1"]
[White "Childs, Peter L"]
[Black "Fowler, David J"]
[Result "1/2-1/2"]
[WhiteElo "1930"]
[BlackElo "1723"]
[PlyCount "74"]
[EventDate "2010.11.12"]
[EventType "swiss"]
[EventRounds "5"]
[EventCountry "ENG"]
[SourceTitle "EXT 2011"]
[Source "ChessBase"]
[SourceDate "2010.11.26"]
[SourceVersion "1"]
[SourceVersionDate "2010.11.26"]
[SourceQuality "1"]

1. e4 e6 2. d4 d5 3. Nc3 Bb4 4. e5 Ne7 5. a3 Bxc3+ 6. bxc3 c5 7. Qg4 Qc7 8. Qxg7 Rg8 9. Qxh7 cxd4 10. Ne2 Nbc6 11. f4 Bd7 12. g3 0-0-0 13. Qd3 dxc3 14. Nxc3 Na5 15. Be2 Bc6 16. Bd2 Nc4 17. Rb1 Rg7 18. Nb5 Bxb5 19. Rxb5 Nf5 20. Bb4 b6 21. Bd2 Rh8 22. g4 Ne7 23. h3 a6 24. Rb3 Kb8 25. Qc3 Nxd2 26. Kxd2 Qxc3+ 27. Kxc3 Rc8+ 28. Kd2 Kb7 29. Rhb1 Rc6 30. a4 Rg8 31. a5 b5 32. h4 Ng6 33. f5 Nxe5 34. fxe6 fxe6 35. g5 Nc4+ 36. Bxc4 Rxc4 37. Rh3 Rh8 1/2-1/2

[Event "Beacon Juniors op"]
[Site "Exmouth"]
[Date "2006.11.17"]
[Round "5"]
[White "Childs, Peter L"]
[Black "Torrance, John"]
[Result "1/2-1/2"]
[WhiteElo "1648"]
[BlackElo "1456"]
[PlyCount "59"]
[EventDate "2006.11.13"]
[EventType "swiss"]
[EventRounds "5"]
[EventCountry "ENG"]
[SourceTitle "EXT 2008"]
[Source "ChessBase"]
[SourceDate "2007.11.25"]
[SourceVersion "1"]
[SourceVersionDate "2007.11.25"]
[SourceQuality "1"]

1. e4 Nf6 2. Nc3 d5 3. exd5 Nxd5 4. Bc4 Nb6 5. Bb3 Nc6 6. Qf3 e6 7. Nge2 Be7 8. d3 0-0 9. Bf4 Na5 10. 0-0 Nxb3 11. axb3 Bd6 12. Rfe1 Bxf4 13. Nxf4 c6 14. Re2 Nd5 15. Ncxd5 cxd5 16. d4 Bd7 17. c4 dxc4 18. bxc4 Qc7 19. b3 b5 20. Rc1 Qd6 21. d5 Rac8 22. Rd2 bxc4 23. bxc4 Rc5 24. Nd3 Rc7 25. Qf4 Qxf4 26. Nxf4 Rfc8 27. dxe6 Bxe6 28. Nxe6 fxe6 29. Rd4 Kf7 30. g3 1/2-1/2

[Event "Beacon Juniors op"]
[Site "Exmouth"]
[Date "2006.11.15"]
[Round "3"]
[White "Childs, Peter L"]
[Black "Stokes, Paul C"]
[Result "0-1"]
[WhiteElo "1648"]
[BlackElo "1840"]
[PlyCount "79"]
[EventDate "2006.11.13"]
[EventType "swiss"]
[EventRounds "5"]
[EventCountry "ENG"]
[SourceTitle "EXT 2008"]
[Source "ChessBase"]
[SourceDate "2007.11.25"]
[SourceVersion "1"]
[SourceVersionDate "2007.11.25"]
[SourceQuality "1"]

1. e4 c5 2. Nc3 Nc6 3. f4 g6 4. Nf3 Bg7 5. Bc4 e6 6. 0-0 Nge7 7. e5 d5 8. exd6 Qxd6 9. d3 b6 10. Qe1 Bb7 11. Bd2 0-0 12. Qh4 Nf5 13. Ne4 Qd8 14. Qxd8 Rfxd8 15. c3 Na5 16. Rfe1 Bxe4 17. Rxe4 Nd6 18. Re2 Ndxc4 19. dxc4 Nxc4 20. Be1 Rd5 21. b3 Na5 22. Rc1 Nc6 23. Bh4 Rd3 24. c4 Nd4 25. Nxd4 Bxd4+ 26. Kf1 Rc8 27. Rec2 Be3 28. Rb1 Bxf4 29. Ke2 Rd7 30. Kf3 Be5 31. Re1 f6 32. Rce2 Rc6 33. h3 Rcd6 34. g4 Rd3+ 35. Kg2 Rd2 36. g5 Bf4 37. gxf6 Rxe2+ 38. Rxe2 Rd2 39. Kf3 Rxe2 40. Kxe2 0-1